000 00470cam a2200181ua 4500
041 _aeng
_h
082 _a028.71636
_bSUB/HA
100 _aSubbiah, Mudaliar V T .
245 _aHandbook of animal husbandry and diarying /
_cV.T.Subbiah Mudaliar.
_hTextual Documents
250 _a1 /
_b.
260 _aMadras :
_bCentral Press ,
_c1960.
300 _a213 ; .
504 _a
942 _cBK
999 _c3082
_d3082